[Event "Olympiad Women-43"]
[Site "Batumi"]
[Date "2018.09.28"]
[Round "5.64"]
[White "Agbazue, Precious"]
[Black "Vilhete, Vania Fausto da T"]
[Result "0-1"]
[WhiteElo "1902"]
[BlackElo "1752"]
[PlyCount "76"]
[EventDate "2018.09.24"]
[EventType "team-swiss"]
[EventRounds "11"]
[EventCountry "GEO"]
[SourceTitle "EXT 2020"]
[Source "ChessBase"]
[SourceDate "2019.10.17"]
[SourceVersion "1"]
[SourceVersionDate "2019.10.17"]
[SourceQuality "1"]
[WhiteTeam "Nigeria (W)"]
[BlackTeam "Mozambique (W)"]
[WhiteTeamCountry "NGR"]
[BlackTeamCountry "MOZ"]

1. e4 c5 2. Nf3 d6 3. d4 cxd4 4. Nxd4 Nf6 5. Nc3 a6 6. Be2 e5 7. Nf3 Be6 8. 0-0 Nbd7 9. Be3 Be7 10. Qd2 0-0 11. Rfd1 b5 12. a3 Qc7 13. Ng5 Rac8 14. Nxe6 fxe6 15. Bf3 Nb6 16. Bxb6 Qxb6 17. Rf1 Bd8 18. Rad1 Bc7 19. Qe2 Qc6 20. Bg4 Qd7 21. Nd5 Bd8 22. c3 Nxg4 23. Qxg4 Qf7 24. f3 exd5 25. Kh1 Rc4 26. Qg3 Rxe4 27. h3 Bh4 28. Qh2 Re2 29. b4 Rc8 30. Rc1 Qg6 31. Qg1 Bg5 32. Rce1 Rxe1 33. Rxe1 Rxc3 34. Qb6 Rxa3 35. Qb8+ Kf7 36. Qc7+ Be7 37. Rf1 Ra2 38. g4 Qh6 0-1